Devine le jeu télé - Statistiques

Statistiques générales
  • Ce quiz a été pris 111 fois
  • Le résultat moyen est 11 sur 14
Statistiques - réponses
Par images Réponse % Correct
question pour un champion
96%
n'oubliez pas les paroles
93%
burger quiz
92%
les 12 coups de midi
91%
motus
89%
slam
87%
money drop
84%
la roue de la fortune
81%
le juste prix
80%
le bigdil
78%
une famille en or
73%
a prendre ou a laisser
72%
attention a la marche
69%
the wall
32%
Aucun quiz correspondant
Distribution des résultats
% des personnes avec chaque résultat
Percentile par nombre de réponses
Votre historique - résultats
Vous n’avez pas pris ce quiz